| 000 | 01243nam a2200325 i 4500 | ||
|---|---|---|---|
| 003 | IT-RoINE | ||
| 005 | 20191127102935.0 | ||
| 008 | 100223s2016 sp rd 001 | spa d | ||
| 020 | _a9788831193429 | ||
| 040 | _aIT-RoINE | ||
| 041 |
_aspa _hita |
||
| 240 | 1 | 0 |
_aDizionario di ecclesiologia. _lEspañol |
| 245 | 0 | 0 |
_aDiccionario de eclesiología / _cGianfranco Calabrese, Philip Goyret, Orazio Francesco Piazza (eds.) ; José R. Villar coordinador de la edición española. |
| 260 |
_aMadrid : _bBiblioteca de Autores Cristianos, _c2016. |
||
| 300 |
_aXXXIII, 1622 p. ; _c23 cm. |
||
| 336 |
_2rdacontent _atext |
||
| 337 |
_2rdamedia _aunmediated |
||
| 338 |
_2rdacarrier _avolume |
||
| 490 | 0 |
_aBiblioteca de Autores Cristianos. _aMaior ; _v120 |
|
| 500 | _aTraducción de: Dizionario di ecclesiologia. | ||
| 500 | _aIncluye índices. | ||
| 504 | _aBibliografía al final de cada entrada. | ||
| 650 | 4 |
_aEclesiología _vDiccionarios _935137 |
|
| 700 | 1 |
_aCalabrese, Gianfranco, _d1961- _935138 |
|
| 700 | 1 |
_aGoyret, Philip, _d1956- _935139 |
|
| 700 | 1 |
_aPiazza, Orazio Francesco, _d1953- _935140 |
|
| 700 | 1 |
_aVillar, José R., _d1958- _921349 |
|
| 830 | 0 |
_915831 _aBiblioteca de Autores Cristianos. _pMaior ; _v120 |
|
| 942 | _cMTS | ||
| 999 |
_c32946 _d32946 |
||